| 000 | 00708nam a2200193 i 4500 | ||
|---|---|---|---|
| 001 | 61737 | ||
| 003 | ES-MaACL | ||
| 005 | 20250820063035.0 | ||
| 007 | t| | ||
| 008 | 031113s1925 it ||||1| ita d | ||
| 100 | 1 |
_aFarinelli, Arturo, _d1867-1948 _948861 |
|
| 245 | 1 | 0 |
_aMarrano _b: (storia de un vituperio) / _cArturo Farinelli. |
| 260 |
_aGenève : _bLeo S. Olschki, _c1925 ( _eModena : _fCooperativa Tipografica) |
||
| 300 |
_aX, 78 p. ; _c25 cm. |
||
| 490 | 1 |
_aBiblioteca dell archivium romanicum. Serie II. Linguística ; _v10 |
|
| 830 | 0 |
_aBiblioteca dell archivium romanicum. Serie II. Linguística ; _v10 _9230611 |
|
| 852 |
_aES-MaACL _j1913-F-1 _bR.29903 |
||
| 999 |
_c61737 _d61737 |
||